Využitie LLM modelov v bezpečnostnej doméne

Salvato in:
Dettagli Bibliografici
Autore principale: Somor, Adrian (Autore)
Altri autori: Balogh, Štefan (Relatore della tesi)
Natura: Manoscritto Libro
Lingua:slovacco
Pubblicazione: 2025
Soggetti:
Accesso online:http://is.stuba.sk/zp/portal_zp.pl?podrobnosti=184427
Tags: Aggiungi Tag
Nessun Tag, puoi essere il primo ad aggiungerne!!

MARC

LEADER 00000ntm a22000003a 4500
001 stuzp101869
003 SK-STU
005 20250614210846.2
007 ta
008 150427s2015----xo-----f-mn---000-0-slo-d
040 |a STU  |b slo 
041 0 |a slo 
100 1 |a Somor, Adrian  |u 035000  |4 aut  |U FEI Fakulta elektrotechniky a informatiky  |T FEI Ústav informatiky a matematiky  |X 104583  |U E050  |Y 816  |7 104583 
242 0 1 |a Use of LLM models in the security domain  |y eng 
245 1 0 |a Využitie LLM modelov v bezpečnostnej doméne 
260 |c 2025 
650 4 |a TTP  |2 eng 
650 4 |a RAG  |2 eng 
650 4 |a honeypot  |2 eng 
650 4 |a large language model  |2 eng 
650 4 |a TTP  |2 slo 
650 4 |a RAG  |2 slo 
650 4 |a honeypot  |2 slo 
650 4 |a veľký jazykový model  |2 slo 
700 1 |a Balogh, Štefan  |u 035000  |k Z1  |4 ths  |U FEI Fakulta elektrotechniky a informatiky  |T FEI Ústav informatiky a matematiky  |X 30190  |U E050  |Y 816  |7 A000030190 
856 4 |u http://is.stuba.sk/zp/portal_zp.pl?podrobnosti=184427